00681nam a2200205 a 4500008004100000020001500041050001500056100002100071245006200092260004100154300002000195350000900215500008800224650003400312650002800346650001800374650003200392650002400424700002700448120416s1980 ||||||||||||||||| || u a047105013x aTA 654 Amb aAmbrose, James E10aSimplified building design for wind and earthquake forces aNew York:bJohn Wiley and Sonsc1980 ax, 317p. : ill. a0.00 a"A Wiley-Interscience publication." -Includes bibliographical references and index. aBUILDINGS--EARTHQUAKE EFFECTS aBUILDINGS--AERODYNAMICS aWIND PRESSURE aEARTHQUAKE RESISTANT DESIGN aSTRUCTURAL DYNAMICS aVergun, Dimitry, 1933-